Cinema formatiu / (Record no. 143716)

MARC details
000 -LEADER
campo de control de longitud fija 00687nam a2200229 i 4500
001 - NÚMERO DE CONTROL
campo de control 143716
003 - IDENTIFICADOR DE NÚMERO DE CONTROL
campo de control ES-MaACL
005 - FECHA Y HORA DE LA ÚLTIMA TRANSACCIÓN
campo de control 20250814085353.0
007 - CAMPO FIJO DE DESCRIPCIÓN FÍSICA--INFORMACIÓN GENERAL
campo de control de longitud fija t|
008 - DATOS DE LONGITUD FIJA--INFORMACIÓN GENERAL
campo de control de longitud fija 070214s1969 sp r ||||1| cat d
100 1# - ENTRADA PRINCIPAL--NOMBRE DE PERSONA
Nombre de persona Serra Estruch, José.
9 (RLIN) 105633
245 10 - MENCIÓN DEL TÍTULO
Título Cinema formatiu /
Mención de responsabilidad, etc. José Serra Estruch ; pròleg de Marta Mata.
250 ## - MENCION DE EDICION
Mención de edición 1ª. ed.
260 ## - PUBLICACIÓN, DISTRIBUCIÓN, ETC.
Lugar de publicación, distribución, etc. Barcelona :
Nombre del editor, distribuidor, etc. Nova Terra,
Fecha de publicación, distribución, etc. 1969.
300 ## - DESCRIPCIÓN FÍSICA
Extensión 343 p. ;
Dimensiones 20 cm.
490 1# - MENCIÓN DE SERIE
Mención de serie Col.lecció "Nadal" ;
Designación de volumen o secuencia 23
650 07 - PUNTO DE ACCESO ADICIONAL DE MATERIA--TÉRMINO DE MATERIA
Término de materia o nombre geográfico como elemento de entrada Cine en la enseñanza
Fuente del encabezamiento o término embne
9 (RLIN) 11034
700 1# - ENTRADA AGREGADA--NOMBRE PERSONAL
Nombre de persona Mata, Marta.
9 (RLIN) 78884
830 0# - PUNTO DE ACCESO ADICIONAL DE SERIE-TÍTULO UNIFORME
Título uniforme Col.lecció "Nadal" ;
Designación de volumen o secuencia 23
9 (RLIN) 185358
852 ## - LOCALIZACIÓN
Ubicación ES-MaACL
Número de control de estantería C-50341
Sublocalización o colección R.71256
Holdings
Estatus retirado Estado de pérdida Estado de daño No para préstamo Biblioteca de origen Biblioteca actual Ubicación en estantería Fecha de adquisición Fuente de adquisición Total de préstamos Signatura topográfica completa Código de barras Visto por última vez Precio de reemplazo Tipo de ítem Koha
        Biblioteca del Ateneo de Madrid Biblioteca del Ateneo de Madrid Depósito 2 17/01/2008     C-50341 1149525 23/02/2023 23/02/2023 Libro impreso